E-komunikačné nástroje v personálnom marketingu diplomová práca

Enregistré dans:
Détails bibliographiques
Auteur principal: Slováková, Eva
Collectivité auteur: Fakulta podnikového manažmentu EU. Katedra manažmentu
Autres auteurs: Szarková, Miroslava, 1951-
Format: Livre
Langue:slovaque
Publié: Bratislava 2018
Tags: Ajouter un tag
Pas de tags, Soyez le premier à ajouter un tag!

MARC

LEADER 00000nbm a2200000 4500
001 0244767
005 20180920131648.8
041 0 |a slo 
044 |a SK 
245 1 0 |a E-komunikačné nástroje v personálnom marketingu  |b diplomová práca  |c Eva Slováková ; školiteľ: Miroslava Szarková 
264 1 |a Bratislava  |c 2018 
300 |a 83 s. 
100 1 |a Slováková, Eva 
700 1 |a Szarková, Miroslava, 1951- 
710 2 |a Fakulta podnikového manažmentu EU. Katedra manažmentu